[Event "ROM-ch U14 Girls"]
[Site "Calimanesti"]
[Date "2015.03.30"]
[Round "1"]
[White "Arsene, Gina Teodora"]
[Black "Pelin, Ana Maria"]
[Result "0-1"]
[WhiteElo "1036"]
[BlackElo "1553"]
[PlyCount "98"]
[EventDate "2015.03.30"]
[EventType "swiss"]
[EventRounds "9"]
[EventCountry "ROU"]
[SourceTitle "CBM 165 Extra"]
[Source "ChessBase"]
[SourceDate "2015.04.21"]
[SourceVersion "1"]
[SourceVersionDate "2015.04.21"]
[SourceQuality "1"]

1. d4 d5 2. c4 dxc4 3. g3 e6 4. Bg2 c6 5. Nf3 Nf6 6. 0-0 Nbd7 7. Qc2 Bd6 8. e4 Be7 9. Qxc4 Nxe4 10. b3 0-0 11. Bb2 Nef6 12. Re1 Nd5 13. Nbd2 N7b6 14. Qc2 Nb4 15. Qe4 f5 16. Qb1 Re8 17. h4 h6 18. Bf1 Bd6 19. a4 a6 20. a5 N6d5 21. Nc4 Bf8 22. Qc1 c5 23. Nfe5 Qc7 24. Ng6 cxd4 25. Nxf8 Kxf8 26. Bxd4 Kg8 27. Nb6 Qxc1 28. Raxc1 Nxb6 29. Bxb6 Nc6 30. Bc4 Kh8 31. f4 Bd7 32. Rcd1 Bc8 33. Rd6 e5 34. Kf2 e4 35. Bd5 Nb4 36. Bf7 Rf8 37. Bh5 Nd3+ 38. Rxd3 exd3 39. Rd1 Be6 40. Rxd3 Rac8 41. Kf3 Rc2 42. b4 Bc4 43. Rd7 Be2+ 44. Ke3 Bxh5 45. Kd3 Rfc8 46. Kd4 Rd2+ 47. Ke3 Rxd7 48. Kf2 Rc2+ 49. Ke3 Re2# 0-1